000 00801nac a22002531i 4500
003 EG-ScBUE
005 20250729090308.0
008 250729s2003 ii a f 000 0 eng d
020 _a8126113502
020 _a9788126113507
040 _aEG-ScBUE
_beng
_erda
_cEG-ScBUE
_dEG-ScBUE
082 0 4 _a543.0858
_bYAD
_222
100 1 _aYadav, M. S,
_eauthor.
245 1 2 _aA textbook of spectroscopy /
_cby M. S. Yadav, M.Sc., Ph.D.
250 _aSecond revised edition.
264 1 _aNew Delhi :
_bAnmol Publications PVT. LTD,
_c2003.
300 _a469 pages :
_billustrations ;
_c22 cm
336 _2rdacontent
_atext
_btxt
337 _aunmediated
_2rdamedia
_bn
338 _avolume
_bnc
_2rdacarrier
650 7 _aSpectrum analysis.
_2BUEsh
655 _vReading book
942 _cBB
_2ddc
999 _c8608
_d8608